000 00631cam a22002171 4500
001 med47001813
003 DLC
005 20260227111603.0
008 820128s1947 xx 000 0 eng
010 _amed47001813
035 _a(OCoLC)14665744
040 _aDLC
_cDNLM
_dDLC
042 _apremarc
050 0 0 _aRM217
_b.H312
060 0 _aW6
_bP3 v.5763
100 1 _aHay, William Howard,
_d1866-1940.
245 1 0 _aMedical millennium ...
260 _aWest Palm Beach, Fla. [etc.]
_bDr. William Howard Hay foundation,
_cc1947.
300 _a27 p.
500 _aAlso published as pt. 1 of the author's Yours for good health.
999 _c38419
_d38419